000 00699nam a2200181 i 4500
001 124883
003 ES-MaACL
005 20230906192521.0
007 t|
008 070423s1932 sp ||||1| spa d
245 0 0 _aInforme elevado al Ministerio de Trabajo y Previsión sobre la constitución de un Montepío marítimo.
260 _aMadrid :
_b[s.n.],
_c1932 (
_fImprenta y Encuadernación de los Sobrinos de la Sucesora de M. Minuesa de los Ríos)
300 _a88 p. ;
_c21 cm.
490 1 _aPublicaciones del Instituto Nacional de Previsión ;
_v307
830 0 _aPublicaciones del Instituto Nacional de Previsión ;
_v307
_9181151
852 _aES-MaACL
_jC-12630(5)
999 _c124883
_d124883